| 000 | 00526cam a2200217ua 4500 | ||
|---|---|---|---|
| 001 | 5065 | ||
| 005 | 20260515113830.0 | ||
| 008 | 150213n ii |||gr||||Z||||||eng | ||
| 020 | _a0-14-303059-0 | ||
| 040 | _cMAIN | ||
| 041 | _aeng | ||
| 082 | _a823 | ||
| 100 |
_aBronte, Emily, _eAuthor, |
||
| 245 |
_aWuthering heights _cby Emily Bronte |
||
| 250 | _a1st. | ||
| 260 |
_aNew Delhi: _bPenguin books, _c2005. |
||
| 300 |
_a431p: _c15cm. |
||
| 653 | _aEnglish fiction | ||
| 700 |
_aNayar, Pramod K., _eEditor, |
||
| 942 | _cBK | ||
| 999 |
_c4245 _d4245 |
||